Selena Gomez- Rare (All Lyrics) - Statistics

General Stats
  • This quiz has been taken 84 times
    81 since last reset
  • The average score is 310 of 396
Answer Stats
Lyrics % Correct
I
98%
(I
98%
rare?
98%
rare
98%
rare)
98%
Rare
98%
me
96%
me,
96%
(Mmm,
96%
so
96%
(So
96%
you
96%
You
96%
(You
96%
I'm
94%
(I'm
94%
know
92%
to
92%
To
92%
to)
92%
do
90%
Don't
90%
don't
90%
No
90%
(no
90%
(No-oh)
90%
not
90%
Not
90%
(Not)
90%
that
90%
the
90%
And
88%
and
88%
there?
88%
there
88%
feel
86%
for
86%
Baby
84%
"baby"
84%
(baby)
84%
Baby,
84%
from
84%
Why
84%
care
82%
care)
82%
lately
82%
like
82%
make
82%
been
80%
But
80%
it
80%
It
80%
call
78%
distant
78%
even
78%
in
78%
out
78%
special
78%
special)
78%
special),
78%
You've
78%
fair
76%
My
76%
act
73%
all
73%
all)
73%
recognize
73%
that's
73%
(That's)
73%
wanna
73%
Always
71%
always
71%
same
71%
somebody
71%
tell
71%
too
71%
(Too
71%
claiming
69%
else
69%
feels
69%
yeah
69%
(Yeah,
69%
yeah)
69%
gettin'
67%
high
67%
high)
67%
(Ooh
67%
reason
67%
reason)
67%
there's
67%
up
67%
toast
65%
toaster
65%
Burnin'
63%
have
63%
I'll
63%
now
63%
(Oh)
63%
older
63%
(Older)
63%
stay
63%
were
63%
with
61%
bet
59%
right
59%
are
57%
ambitions
55%
count
55%
us
55%
reasons
53%
Waiting
53%
let
51%
Saw
51%
upstairs
51%
(Upstairs)
51%
beg
49%
cry
49%
cry)
49%
find?
49%
(Find,
49%
find)
49%
hard
47%
gonna
45%
succeeding,
41%
ah,
39%
ah)
39%
(Ah,
39%
Ah,
39%
ah
39%
ah-ah
39%
(Ah-ha)
39%
enough
39%
Didn't
37%
getting
33%
(What?)
18%
nah
8%
nah,
8%
No matching quizzes found
Score Distribution
Percent of People with Each Score
Percentile by Number Answered
Your Score History
You have not taken this quiz since the last reset